E-Commerce Sales of Enterprises in the Context of Covid-19 Pandemic
Pandémia COVID-19 bezprecedentne zmenila spôsob podnikania. To, čo sa najprv objavilo ako potreba vzhľadom na zdravotnú situáciu, sa čoskoro stalo novým štandardom pre mnohých jednotlivcov, ako aj podniky. Cieľom tohto príspevku je zistiť, ako pandémia COVID-19 zmenila predaj e-commerce podnikov pôs...
Guardado en:
| Autor principal: | |
|---|---|
| Otros Autores: | |
| Formato: | Capítulo de libro |
| Lenguaje: | inglés |
| Materias: | |
| Etiquetas: |
Sin Etiquetas, Sea el primero en etiquetar este registro!
|
MARC
| LEADER | 00000naa$a2200000$$$4500 | ||
|---|---|---|---|
| 001 | 0310744 | ||
| 005 | 20250611115753.1 | ||
| 041 | 0 | |a eng | |
| 044 | |a SK | ||
| 245 | 1 | 0 | |a E-Commerce Sales of Enterprises in the Context of Covid-19 Pandemic |c Zuzana Dzilská, František Pollák |
| 520 | |a Pandémia COVID-19 bezprecedentne zmenila spôsob podnikania. To, čo sa najprv objavilo ako potreba vzhľadom na zdravotnú situáciu, sa čoskoro stalo novým štandardom pre mnohých jednotlivcov, ako aj podniky. Cieľom tohto príspevku je zistiť, ako pandémia COVID-19 zmenila predaj e-commerce podnikov pôsobiacich na Slovensku. Po prvé, cieľom je zistiť, ako sa vyvíjal objem predaja elektronického obchodu s vypuknutím pandémie a po druhé, skúma a hodnotí sa trend predaja elektronického obchodu po pandémii. | ||
| 610 | 2 | 0 | |a pandémia |
| 610 | 2 | 0 | |a obchod elektronický |
| 610 | 2 | 0 | |a podnikanie |
| 610 | 2 | 0 | |a spolupráca podnikov |
| 610 | 2 | 0 | |a konkurencia |
| 610 | 2 | 0 | |a spotrebitelia |
| 610 | 2 | 0 | |a zamestnanci |
| 100 | 1 | |a Dzilská, Zuzana, 1994- | |
| 700 | 1 | |a Pollák, František, 1985- | |